• 首页
  • 本馆介绍
  • 公告通知
  • 最新文献
  • 馆藏检索
  • 电子资源
  • 读者导购
  • 参考咨询
  • 我的图书馆
  • 登录
  • 详细信息显示
  • 放入我的书架
  • 预约/预借图书
  • 作者相关作品
  • 分类相关作品
  • 丛书相关作品
  • 出版社相关作品

书目信息

  • 表格格式
  • 工作单格式
  • 卡片格式
题名:
阳光宝库
    
 
作者: 马晓惠 编著
分册:  
出版信息: 北京   科学普及出版社  2021
页数: 136页
开本: 25cm
丛书名: 低碳清洁能源科普丛书
单 册:
中图分类: TM615-49 , TM615
科图分类:
主题词: 太阳能光伏发电--tai yang neng guang fu fa dian--普及读物
电子资源:
ISBN: 978-7-110-10408-8
000 01346nam 2200253 450
001 2359242356
005 20231223153119.06
010    @a978-7-110-10408-8@b精装@dCNY98.00
100    @a20220613d2021 em y0chiy50 ea
101 0  @achi
102    @aCN@b110000
105    @aa z 000yy
200 1  @a阳光宝库@Ayang guang bao ku@f马晓惠编著
210    @a北京@c科学普及出版社@d2021
215    @a136页@c图 (部分彩图)@d25cm
225 2  @a低碳清洁能源科普丛书@Adi tan qing jie neng yuan ke pu cong shu
330    @a2021年的政府工作报告中指出, 要扎实做好碳达峰、碳中和各项工作, 制定2030年前碳排放达峰行动方案, 这是“碳达峰”“碳中和”被首次写入政府工作报告。碳达峰、碳中和的目标被提出以后, 对国内外产生的影响很大, 这既是中国作为一个负责任大国应该对国际社会承担的责任, 更体现了我国经济社会发展全面绿色转型的内在要求。实现“碳达峰”“碳中和”有两条途径, 其中一个就是用清洁能源替代现在占据能源消耗主要地位的化石能源。太阳能是一种具有多种优点的清洁能源, 在发电方面因技术较为成熟而优势尤其明显。本书以光伏发电为重点, 阐述了太阳能的多种利用方式, 并简单介绍了利用光伏发电所带来的经济效益。
410  0 @12001 @a低碳清洁能源科普丛书
606 0  @a太阳能光伏发电@Atai yang neng guang fu fa dian@j普及读物
690    @aTM615-49@v5
690    @aTM615@v4
701  0 @a马晓惠@Ama xiao hui@4编著
801  0 @aCN@b湖北三新@c20220613
905    @aZUCC@dTM615@e12
    
    阳光宝库/马晓惠编著.-北京:科学普及出版社,2021
    136页:图 (部分彩图);25cm.-(低碳清洁能源科普丛书)
    
    
    ISBN 978-7-110-10408-8(精装):CNY98.00
    2021年的政府工作报告中指出, 要扎实做好碳达峰、碳中和各项工作, 制定2030年前碳排放达峰行动方案, 这是“碳达峰”“碳中和”被首次写入政府工作报告。碳达峰、碳中和的目标被提出以后, 对国内外产生的影响很大, 这既是中国作为一个负责任大国应该对国际社会承担的责任, 更体现了我国经济社会发展全面绿色转型的内在要求。实现“碳达峰”“碳中和”有两条途径, 其中一个就是用清洁能源替代现在占据能源消耗主要地位的化石能源。太阳能是一种具有多种优点的清洁能源, 在发电方面因技术较为成熟而优势尤其明显。本书以光伏发电为重点, 阐述了太阳能的多种利用方式, 并简单介绍了利用光伏发电所带来的经济效益。
●
相关链接 在五车中查询图书 在当当中查询图书 在豆瓣中查询图书


正题名:阳光宝库     索取号:TM615/12         预约/预借

序号 登录号 条形码 馆藏地/架位号 状态 备注
1 2001422733   2001422733   共建书房-化工学院/ [索取号:TM615/12] 在馆    
2 2001422734   2001422734   共建书房-化工学院/ [索取号:TM615/12] 在馆    
3 2001422735   2001422735   共建书房-化工学院/ [索取号:TM615/12] 在馆    
4 2001422736   2001422736   共建书房-建工学院/ [索取号:TM615/12] 在馆    
5 2001422737   2001422737   共建书房-建工学院/ [索取号:TM615/12] 在馆    
6 2001422738   2001422738   共建书房-建工学院/ [索取号:TM615/12] 在馆    
7 2001422739   2001422739   共建书房-教育学院/ [索取号:TM615/12] 在馆    
8 2001422740   2001422740   共建书房-教育学院/ [索取号:TM615/12] 在馆    
9 2001422741   2001422741   共建书房-教育学院/ [索取号:TM615/12] 在馆    
10 2001422742   2001422742   218书库/ [索取号:TM615/12] 在馆    
11 2001422743   2001422743   218书库/ [索取号:TM615/12] 在馆    
12 2001422744   2001422744   218书库/ [索取号:TM615/12] 在馆    
13 2001422745   2001422745   218书库/ [索取号:TM615/12] 在馆    
14 2001422746   2001422746   共建书房-经管学院/ [索取号:TM615/12] 在馆    
15 2001422747   2001422747   共建书房-化工学院/ [索取号:TM615/12] 在馆    
16 2001422748   2001422748   共建书房-经管学院/ [索取号:TM615/12] 在馆    
17 2001422749   2001422749   共建书房-经管学院/ [索取号:TM615/12] 在馆    
18 2001422750   2001422750   共建书房-经管学院/ [索取号:TM615/12] 在馆    
19 2001422751   2001422751   共建书房-经管学院/ [索取号:TM615/12] 在馆    
20 2001422752   2001422752   共建书房-马克思主义/ [索取号:TM615/12] 在馆    
21 2001422753   2001422753   共建书房-经管学院/ [索取号:TM615/12] 在馆    
22 2001422754   2001422754   共建书房-化工学院/ [索取号:TM615/12] 在馆    
23 2001422755   2001422755   共建书房-化工学院/ [索取号:TM615/12] 在馆    
24 2001422756   2001422756   共建书房-教育学院/ [索取号:TM615/12] 在馆    
25 2001422757   2001422757   共建书房-教育学院/ [索取号:TM615/12] 在馆    
26 2001422758   2001422758   共建书房-教育学院/ [索取号:TM615/12] 在馆    
27 2001422759   2001422759   共建书房-建工学院/ [索取号:TM615/12] 在馆    
28 2001422760   2001422760   共建书房-建工学院/ [索取号:TM615/12] 在馆    
29 2001422761   2001422761   603书库/ [索取号:TM615/12] 在馆    
30 2001422762   2001422762   218书库/ [索取号:TM615/12] 在馆    
山东省滨州职业学院图书馆 欢迎您!
大连网信软件有限公司© 版权所有